000 00771nam a2200241 a 4500
001 00003254
003 DO-SdBNP
005 20180215123918.0
007 00003254
008 150119s2012 000 spa d
020 _a9781578377080
040 _aBPMET
_bspa
_cBPMET
245 0 _aBiología en contexto II :
_bmanual de referencia /
260 _a Texas :
_bFundación Inicia
_c2012.
300 _a104 p. ;
_bil. :
_c30 cm.
500 _aDesarrollado por CORD adaptado para el "Proyecto Educación Media Técnica" República Dominicana
710 _4CORD Comunications
710 _4Fundación Inicia
942 _2ddc
_cBK
945 _aInventariado / 2018 VM
956 _aDGARCIA
_b10
_c20150119
_lBND01
_h0937
956 _aVMATEO
_b10
_c20150327
_lBND01
_h00151
999 _c7584
_d7584